| 000 | 00437nam a22001697a 4500 | ||
|---|---|---|---|
| 003 | NUST - PNEC | ||
| 005 | 20170116181155.0 | ||
| 008 | 160111b xxu||||| |||| 00| 0 eng d | ||
| 020 | _a- | ||
| 040 | _cLIBRARY | ||
| 082 | _a891.4395 PAT | ||
| 100 |
_915859 _aPatras Bukhari |
||
| 245 |
_aPatras kay khatoot _cPatras Bukhari |
||
| 260 |
_aLahore: _bMaktaba Urdu Adab; |
||
| 650 |
_915860 _aUrdu Literature _xGeneral |
||
| 942 |
_2ddc _cBK |
||
| 999 |
_c71173 _d71173 |
||